000 01320cam a2200409 a 4500
001 7183
003 FISKH
005 20250701150216.0
008 030310s2003 nyua b 000 1 eng
010 _a 2003003697
020 _a0516229583
020 _a9780516229584
040 _aDLC
_cDLC
_dDLC
_beng
050 _aPZ8.H146 W
082 _a468
100 1 _aHall, Kirsten.
245 1 0 _aWho says? /
_cwritten by Kirsten Hall and Jessica Flaxman ; illustrated by Wayne Becker.
260 _aNew York :
_bChildren's Press,
_c2003.
300 _a29 pages :
_bcolor illustrations ;
_c21 cm
336 _atext
_btxt
_2rdacontent
337 _aunmediated
_bn
_2rdamedia
338 _avolume
_bnc
_2rdacarrier
440 0 _aMy first reader
505 _aC
520 _aSinging before a musical conductor, animals from chicken to owl reveal their own special sounds.
521 8 _a140
_bLexile
521 8 _aC
_bRaz-Plus
650 1 _aAnimal sounds
_vFiction.
650 1 _aSinging
_vFiction.
650 1 _aStories in rhyme.
655 7 _aFiction.
_2lcgft
_0https://id.loc.gov/authorities/genreForms/gf2014026339
700 1 _aFlaxman, Jessica.
_eAuthor
700 1 _aBecker, Wayne,
_eillustrator
906 _a7
_bcbc
_corignew
_d1
_eecip
_f20
_gy-gencatlg
942 _2ddc
_cBK
_n0
999 _c7183
_d7183